Computing essentials : (Record no. 17472)

000 -LEADER
fixed length control field 00564cam a22002053 4500
020 ## - INTERNATIONAL STANDARD BOOK NUMBER
ISBN 0073516899
020 ## - INTERNATIONAL STANDARD BOOK NUMBER
ISBN 9780073516899
040 ## - CATALOGING SOURCE
Transcribing agency YDXCP
082 ## - DEWEY DECIMAL CLASSIFICATION NUMBER
Classification number 004 MCG 2015 A115 Or.
100 1# - MAIN ENTRY--AUTHOR NAME
Personal name O'Leary, Timothy J
245 10 - TITLE STATEMENT
Title Computing essentials :
Remainder of title making IT work for you /
250 ## - EDITION STATEMENT
Edition statement Complete 2015
260 ## - PUBLICATION, DISTRIBUTION, ETC. (IMPRINT)
Place of publication New York, NY :
Name of publisher Mcgraw Hill Higher Education,
Year of publication c2015
650 #2 - SUBJECT ADDED ENTRY--TOPICAL TERM
Topical Term Computers
650 #2 - SUBJECT ADDED ENTRY--TOPICAL TERM
Topical Term Automatic Data Processing
650 #2 - SUBJECT ADDED ENTRY--TOPICAL TERM
Topical Term Computer Systems
700 1# - ADDED ENTRY--PERSONAL NAME
Personal name O'Leary, Linda I
700 1# - ADDED ENTRY--PERSONAL NAME
Personal name O'Leary, Daniel A
942 ## - ADDED ENTRY ELEMENTS (KOHA)
Koha item type ADB
952 ## - LOCATION AND ITEM INFORMATION (KOHA)
Withdrawn status [LOCAL, KOHA] 0
952 ## - LOCATION AND ITEM INFORMATION (KOHA)
Withdrawn status [LOCAL, KOHA] 0
952 ## - LOCATION AND ITEM INFORMATION (KOHA)
Withdrawn status [LOCAL, KOHA] 0
952 ## - LOCATION AND ITEM INFORMATION (KOHA)
Withdrawn status [LOCAL, KOHA] 0
952 ## - LOCATION AND ITEM INFORMATION (KOHA)
Withdrawn status [LOCAL, KOHA] 0
Holdings
Permanent Location Date acquired Koha item type Lost status Shelving location Barcode Current Location Full call number
Library Block A2018-12-03សៀវភៅភាសាអង់គ្លេស A115A36997Library Block A004 MCG 2015 A115 Or.
Library Block A2018-12-03សៀវភៅភាសាអង់គ្លេស A115A35279Library Block A004 MCG 2015 A115 Or.
Library Block A2018-12-03សៀវភៅភាសាអង់គ្លេស A115A36019Library Block A004 MCG 2015 A115 Or.
Library Block A2018-12-03សៀវភៅភាសាអង់គ្លេស A115A37147Library Block A004 MCG 2015 A115 Or.
Library Block A2018-12-03សៀវភៅភាសាអង់គ្លេស A115A37072Library Block A004 MCG 2015 A115 Or.
មជ្ឈមណ្ឌលឯការនៃសាកលវិទ្យាល័យភូមិន្ទកសិកម្មចំការដូង

Powered by Koha